| 000 | 00831nam a22002417a 4500 | ||
|---|---|---|---|
| 005 | 20220120132120.0 | ||
| 008 | 131122t sp ||||| |||| 00| 0 spa d | ||
| 020 | _a9788449320738 | ||
| 050 | 0 | 4 |
_aNX454.5.M63 _bG39 2007 |
| 100 | 1 | _aGay, Peter. | |
| 245 |
_aModernidad : _bla atracción de la herejía de Baudelaire a Beckett / _cPeter Gay ; tr. Marta Pino...[et al]. |
||
| 250 | _a1a ed. | ||
| 260 |
_aBarcelona, España : _bPaidos, _c2007. |
||
| 300 |
_a591 p. : _bil. ; _c23 cm. |
||
| 440 | 0 |
_aModernidad ; _v1 |
|
| 500 | _aTraducción de : Modernism : the lure of heresy : from Baudelaire to Beckett and beyond | ||
| 504 | _aIncluye indice | ||
| 650 | 7 |
_2Lemb _aArte moderno _ySiglo XIX |
|
| 650 | 7 |
_2Lemb _aModernismo |
|
| 650 | 7 |
_2Lemb _aArte moderno _ySiglo XX |
|
| 700 | 1 |
_aPino, Marta, _etr. |
|
| 942 |
_2lcc _cLIB |
||
| 999 |
_c45582 _d45582 |
||